| 000 | 00782nam a2200241 4500 | ||
|---|---|---|---|
| 999 |
_c15139 _d15139 |
||
| 003 | AR-CdUCM | ||
| 008 | 190425b ||||| |||| 00| 0 spa d | ||
| 020 | _a978-607-404-905-3 | ||
| 040 |
_aMUNICIPALIDAD PROVINCIAL DEL CUSCO _cBIBLIOTECA MUNICIPAL DEL CUSCO |
||
| 041 | _heng | ||
| 082 |
_aPI / 803 / _bI45 |
||
| 110 |
_aSilver Dolphin _933031 |
||
| 245 |
_a¡El muñeco de nieve! : _bEl mejor en la nieve / |
||
| 260 |
_aMexico : _bAdvance Marketing, _bSilver Dolphin, _c2013 |
||
| 300 |
_bIlustraciones, graficos, dibujos _c30 cm. |
||
| 500 | _aTexto para niños snowman best in snow | ||
| 650 |
_aCuentos _9217 |
||
| 650 |
_aHistoria _9136 |
||
| 650 |
_aTextos educativos _910256 |
||
| 700 |
_aAlba, Arlette de _934156 |
||
| 942 |
_2ddc _cLIBROS |
||
| 945 |
_apjha _d2019-04-25 |
||